Skład reprezentacji Polski na Euro 2021 - Statystyki

Ogólne statystyki
  • Ten quiz został rozwiązany 40 razy
  • Średni wynik to 20 z 25
Statystyki odpowiedzi
Nazwisko % Poprawnych
Wojciech Szczęsny
100%
Jan Bednarek
97%
Robert Lewandowski
97%
Kamil Glik
91%
Piotr Zieliński
91%
Bartosz Bereszyński
89%
Grzegorz Krychowiak
89%
Karol Świderski
89%
Łukasz Fabiański
89%
Łukasz Skorupski
86%
Jakub Moder
83%
Karol Linetty
83%
Mateusz Klich
83%
Maciej Rybus
80%
Paweł Dawidowicz
80%
Przemysław Płacheta
77%
Dawid Kownacki
71%
Przemysław Frankowski
71%
Tomasz Kędziora
71%
Michał Helik
69%
Kacper Kozłowski
66%
Kamil Jóźwiak
66%
Kamil Piątkowski
66%
Tymoteusz Puchacz
60%
Jakub Świerczok
57%
Nie znaleziono quizów pasujących do podanych kryteriów
Rozkład punktacji
Procent ludzi z każdym wynikiem
Percentyl według liczby udzielonych odpowiedzi
Twoja historia wyników
Nie rozwiązałeś tego quizu